Vplyv odchovu na úžitkovosť dojníc

Bibliographic Details
Main Authors: Kišac, Peter (Author), Brouček, Jan (Author), Uhrinčať, Michal (Author), Hanus, Anton (Author)
Format: Article
Language:Slovak
ISSN:1335-258X
Subjects:

MARC

LEADER 00000nab a2200000 a 4500
001 vtls009963095
003 SK-MaSNL
005 20260304152223.0
008 250506c2009 xo |||||||||||000 b|slo
015 |a SNBRB2009/10  |2 snkbucl 
035 |a (uuid)903b01a8-9884-4b36-be6f-64a5f6b7c906 
035 |a urn:nbn:sk:snk-ab2eel 
035 |a (urnnbn)urn:nbn:sk:snk:ar-a028x9 
038 |a SNKBUCL 
040 |a SNKBUCL  |b slo  |c SNKBUCL  |e AACR2 
041 0 |a slo  |b eng  |b slo 
044 |a xo  |c SK 
080 |a 636.2.034  |2 1997 
245 0 0 |a Vplyv odchovu na úžitkovosť dojníc  |c Peter Kišac ... [et al.] 
246 3 1 |a Effect of rearing on milk yield in dairy cows 
504 |a Bibliogr. odkazy 
546 |a Res. angl., slov. 
650 0 7 |a mliečny dobytok  |2 snkbucl  |9 67365 
650 0 7 |a mlieková úžitkovosť  |2 snkbucl  |9 543564 
650 0 7 |a odchov  |2 snkbucl  |9 649425 
700 1 |a Kišac, Peter  |4 aut  |9 20413 
700 1 |a Brouček, Jan  |4 aut  |9 7764 
700 1 |a Uhrinčať, Michal  |4 aut  |9 11502 
700 1 |a Hanus, Anton  |4 aut  |9 11790 
773 0 |t Acta fytotechnica et zootechnica  |g Roč. 12, Mimoriadne číslo (2009), s. 110-112  |x 1335-258X 
850 |a Slovenská národná knižnica 
852 |a Slovenská národná knižnica 
954 |a odborná, vedecká literatúra pôvodná (slovenská)  |2 lita 
958 |a article27 
958 |a NB 
958 |a OND 
958 |a EUIPO 
999 |c 2947839  |d 2949769